| 000 | 00451nam a2200157Ia 4500 | ||
|---|---|---|---|
| 008 | 210423s2011 xx 000 0 und d | ||
| 020 | _a9788173710346 | ||
| 041 | _aeng | ||
| 082 | _a530 VENG | ||
| 100 | _aVENKATARAMAN (G). | ||
| 245 | _aVignettes in physics: the many phases of matter. | ||
| 260 |
_aNew Delhi _bUniversities Press _c2011 |
||
| 300 |
_avii,98 _bPB |
||
| 365 |
_b195 _cINR |
||
| 906 | _amany ; matter. ; phases ; physics: ; Vignettes | ||
| 999 |
_c162385 _d162385 |
||